| 000 | 00374nam a2200133Ia 4500 | ||
|---|---|---|---|
| 008 | 220217s9999||||xx |||||||||||||| ||und|| | ||
| 020 | _a0-387-98896-3 | ||
| 082 | _a005.14 BAS | ||
| 100 |
_aBasir, Imran Goul, Amrit, L _93367 |
||
| 245 | 0 | _aTesting object oriented software | |
| 260 |
_aSpringar publications _bUSA _c2000 |
||
| 300 | _b695 | ||
| 650 | _aSOFTWARE DESIGN | ||
| 999 |
_c171510 _d171510 |
||